| 000 | 02451nam a2200421 a 4500 | ||
|---|---|---|---|
| 001 | 000013663 | ||
| 003 | DO-SdBPM | ||
| 005 | 20260216120123.0 | ||
| 007 | ta | ||
| 008 | 091127s2003 dr 001 0 spa d | ||
| 020 | _a9993425486 | ||
| 040 |
_aDO-SdBPM _bspa _cBPMSU _erda |
||
| 082 | 4 |
_a362.5 _bV715t 2003 _222 |
|
| 092 | _a | ||
| 100 | 1 |
_aVillamán, Marcos, _d1950- _4aut. _eautor |
|
| 245 | 1 | 0 |
_aTrastocar las lógicas empujar los límites : _bdemocracia, ciudadanía y equidad / _cMarcos Villamán. |
| 264 |
_aSanto Domingo : _bInstituto Tecnológico de Santo Domingo ; _c2003. |
||
| 300 |
_a223 páginas ; _c23 cm. |
||
| 336 |
_atexto _btxt _2rdacontent |
||
| 337 |
_asin mediación _bn _2rdamedia |
||
| 338 |
_avolumen _bnc _2rdacarrier |
||
| 500 | _aIncluye datos biográficos del autor en la contracubierta. | ||
| 500 | _aIncluye referencias bibliográficas y notas al pie de las páginas | ||
| 504 | _aBibliografía : páginas 221-223. | ||
| 505 | 0 | _aLa construcción de la democracia 15 -- La difícil transición 17 -- Deseo, posibilidad y construcción histórica 25 -- Alianzas santas uy heréticas 33 -- Diálogo y democracia : algunas consideraciones 41 -- Sociedad civil - partidos políticos : una relación conflictiva y necesaria 53 -- La lucha contra la pobreza 61 -- La eficacia del optimismo 63 -- La pobreza, denuncia y desafío 69 -- Pobreza, desigualdad y percepción social 79 -- Comunidad digna : una excelente oportunidad 87 -- Comunidad digna : algunas precisiones 95 -- Intangibles y lucha contra la pobreza : la relevancia de los procesos 103 -- Combatir la pobreza : acción colectiva sostenida 111 -- Envejecientes, equidad y responsabilidad social del Estado 117 -- Educación, sociedad civil y fe cristiana 123 -- Educación, sociedad civil y construcción de la vida 125& -- De la lucha contra la pobreza a los derechos ciudadanos 173 -- Equidad, pobreza y derechos humanos : solidaridad compasiva versus cinismo social 175 | |
| 590 | _aInvetariado, 2026/VM | ||
| 650 | 4 |
_aDemocracia _zAmérica Latina |
|
| 650 | 7 |
_aSociedas civil _zAmérica Latina |
|
| 650 | _aSociología cristiana | ||
| 651 | 7 |
_aAmérica Latina _xCondiciones sociales |
|
| 710 | 2 | _aInstituto Tecnológico de Santo Domingo | |
| 910 | _aVMateo V. Control de calidad BPMSU | ||
| 930 | 1 |
_l _m _8 _f _p _g _h |
|
| 942 |
_2ddc _cBK |
||
| 956 |
_a _b _c _l _h |
||
| 956 |
_a _b _c _l _h |
||
| 956 |
_a _b _c _l _h |
||
| 999 |
_c8115 _d8115 |
||